Štatistické analýzy

Podrobná bibliografia
Hlavní autori: Janiga, Ivan (Autor), Gabková, Jana, 1964- (Autor), Omachelová, Milada, 1967- (Autor)
Médium: Program E-kniha
Jazyk:slovenčina
Fyzický popis:1 elektronický optický disk (CD-ROM) 12 cm
Vydavateľské údaje: Bratislava Slovenská technická univerzita v Bratislave Spektrum STU 2017
ISBN:9788022747042
Vydanie:1. vyd.
Edícia:Edícia skrípt
Predmet:

MARC

LEADER 00000cam a2200000 a 4500
001 vtls011720677
003 SK-MaSNL
005 20260301182504.0
007 co bg auuua
008 180105s2017 xo | fsnp 000 0 slo
015 |a SNBS2019 
020 |a 9788022747042  |q (elektronická kniha) 
040 |a SNK  |b slo  |c SNK  |e AACR2 
041 0 |a slo 
044 |a xo  |c SK 
072 7 |a 519  |x Kombinatorika. Teória grafov. Matematická štatistika. Operačný výskum. Matematické modelovanie  |2 konspekt 
080 |a 519.23  |2 2011 
080 |a (075.8)  |2 2011 
080 |a (0.034.44)  |2 2011 
100 1 |a Janiga, Ivan  |4 aut  |9 10631 
245 1 0 |a Štatistické analýzy  |h elektronický zdroj  |c Ivan Janiga, Jana Gabková, Milada Omachelová 
250 |a 1. vyd. 
260 |a Bratislava  |b Slovenská technická univerzita v Bratislave  |b Spektrum STU  |c 2017 
300 |a 1 elektronický optický disk (CD-ROM)  |c 12 cm 
490 1 |a Edícia skrípt 
500 |a Názov z titulnej obrazovky 
504 |a Bibliogr. 
516 |a Textový dokument (skriptá), súbor vo formáte pdf 
538 |a Technické požiadavky: PDF prehliadač 
650 0 7 |a štatistická analýza  |2 SNKPH  |9 29448 
650 0 7 |a Statistical analysis  |2 SNKPHeng  |9 326099 
655 7 |a učebnice vysokých škôl  |2 SNKPH  |9 70191 
655 7 |a elektronické zdroje  |2 SNKPH  |9 90954 
655 7 |a CD-ROM  |2 SNKPH  |9 70236 
655 7 |a Textbooks (higher)  |2 SNKPHeng  |9 276436 
655 7 |a Electronic resources  |2 SNKPHeng  |9 175546 
700 1 |a Gabková, Jana,  |d 1964-  |4 aut  |9 236014 
700 1 |a Omachelová, Milada,  |d 1967-  |4 aut  |9 224975 
810 2 |a Slovenská technická univerzita v Bratislave  |t Edícia skrípt  |9 180632 
852 |a Štátna vedecká knižnica v Banskej Bystrici 
919 |a 978-80-227-4704-2 
958 |a NB 
999 |c 853842  |d 855772 
952 |a SNK  |b SNK  |y PREZ  |7 0  |p 17A1371807  |o snkSCDM 10540  |i snk2019/13484  |8 0  |0 0  |1 0  |4 0  |d 2019-05-16  |l 0  |r 2026-02-24 04:49:24  |w 2026-02-24 
952 |t snkSTA 519.23  |a SNKMST  |b SNKMST  |y PREZ  |7 0  |p 17A1371823  |o snkSCDM 10540 D1  |i snk2019/13485  |8 0  |0 0  |1 0  |4 0  |d 2019-05-16  |l 0  |r 2025-08-11 00:00:00  |w 2026-02-24